| 000 | 00904nam a2200289 i 4500 | ||
|---|---|---|---|
| 003 | EG-GICUC | ||
| 005 | 20260328063356.0 | ||
| 008 | 260328s1961 -us||||fr ||| 001 0 eng d | ||
| 040 |
_aEG-GICUC _cEG-GICUC _dEG-GICUC _erda _beng |
||
| 041 | _aeng | ||
| 082 | 0 | 4 |
_221 _a341.28060 _bST . A |
| 092 | 0 | 4 | _221 |
| 099 | _aLaw1 11 341.28060 ST . A 1961 | ||
| 100 | 1 |
_aStaudenraus, P. J _eAuthor. |
|
| 245 | 1 | 0 |
_aThe African Colonization Movement 1816-1865 / _cBy P. J. Staudenraus. |
| 264 | 1 |
_aNew York : _bColumbia University Press, _c1961. |
|
| 300 |
_a323 Pages; _c24 cm. |
||
| 336 |
_atext _2rda content |
||
| 337 |
_aComputer _2rda media |
||
| 338 |
_aOnline Resource _2rda carrier |
||
| 500 | _aIncludes index. | ||
| 546 | _aText in English | ||
| 650 | 1 | 4 | _aPublic international law |
| 856 | _uhttps://fll.law.cu.edu.eg/fulltext/th/B11-06720.pdf | ||
| 905 | _a48 | ||
| 942 |
_2ddc _cBK _e21 _n0 |
||
| 999 |
_c67055 _d67055 |
||